Una donna sbagliata : una storia vera /

Guardat en:
Dades bibliogràfiques
Autor principal: Porfido, Simona (Autor)
Format: Llibre
Idioma:italià
Publicat: Bisignano (CS) : Apollo, 2020
Col·lecció:L'urlo nel silenzio ; 28
Etiquetes: Afegir etiqueta
Sense etiquetes, Sigues el primer a etiquetar aquest registre!

MARC

LEADER 00000nam a22000007i 4500
001 IT\ICCU\GMP\0016545
003 ItRI
005 20251029114653.0
008 210322s2020 it |||||| ||||| |||||c
020 |a 9788831202671 
040 |b ita  |c ct 
041 7 |a ita  |2 ISO-639-2 
100 1 |a Porfido, Simona  |0 IT\ICCU\RCAV\269287  |4 aut 
240 1 0 |a Una donna sbagliata  |9 Porfido, Simona 
245 1 0 |a Una donna sbagliata :  |b una storia vera /  |c Simona Porfido. 
260 |a Bisignano (CS) :  |b Apollo,  |c 2020 
300 |a 119 p. ;  |c 20 cm 
830 2 |a L'urlo nel silenzio ;  |v 28  |0 IT\ICCU\RCA\0779743 
942 |2 ddc  |c BK 
952 |0 0  |1 0  |2 ddc  |4 0  |6 853_920000000000000_POR_DON  |7 0  |9 374  |a GE  |b GE  |d 2023-11-23  |l 0  |o 853.92 POR DON  |p 4401  |r 2023-12-08 00:26:00  |w 2023-12-08  |y BK 
999 |c 274  |d 274